Online
Catalog

Guía escolar para el estudio de ecosistemas de agua dulce : (Record no. 56867)

MARC details
000 -CABECERA
campo de control de longitud fija 01932nam a2200337 i 4500
003 - IDENTIFICADOR DEL NÚMERO DE CONTROL
campo de control DO-SdBNP
005 - FECHA Y HORA DE LA ÚLTIMA TRANSACCIÓN
campo de control 20250314113210.0
006 - CÓDIGOS DE INFORMACIÓN DE LONGITUD FIJA--CARACTERÍSTICAS DEL MATERIAL ADICIONAL
campo de control de longitud fija a||||gr|||| 00| 0
007 - CAMPO FIJO DE DESCRIPCIÓN FÍSICA--INFORMACIÓN GENERAL
campo de control de longitud fija ta
008 - DATOS DE LONGITUD FIJA--INFORMACIÓN GENERAL
campo de control de longitud fija 240614t2017 |||ado|| |||| 00| 0 spa d
040 ## - FUENTE DE LA CATALOGACIÓN
Centro catalogador/agencia de origen DO-SdBNP
Lengua de catalogación spa
Centro/agencia transcriptor BNPHU
Normas de descripción rda
082 #4 - NÚMERO DE LA CLASIFICACIÓN DECIMAL DEWEY
Número de edición 22
Número de documento/Ítem P197g
100 1# - ENTRADA PRINCIPAL--NOMBRE DE PERSONA
Nombre de persona Pantaleón, Natividad
Término indicativo de función/relación autora
9 (RLIN) 85684
245 10 - MENCIÓN DE TÍTULO
Título Guía escolar para el estudio de ecosistemas de agua dulce :
Resto del título ríos y lagos, adaptarse al cambio climático y educar para el desarrollo sostenible /
Mención de responsabilidad, etc. Natividad Pantaleón y Paola Tejeda; diseño gráfico y fotografía, Tony Núñez; prólogo, Ernesto Reyna Alcántara, Luis O. Brean Franco.
264 #1 - PRODUCCIÓN, PUBLICACIÓN, DISTRIBUCIÓN, FABRICACIÓN Y COPYRIGHT
Producción, publicación, distribución, fabricación y copyright [Santo Domingo] :
Nombre del de productor, editor, distribuidor, fabricante Consejo Nacional para el el Cambio Climático,
-- CNDU,
Fecha de producción, publicación, distribución, fabricación o copyright 2017
300 ## - DESCRIPCIÓN FÍSICA
Extensión 79 páginas :
Otras características físicas ilustraciones, fotografías, gráficas ;
Dimensiones 30 cm.
336 ## - TIPO DE CONTENIDO
Fuente rdacontent
Término de tipo de contenido texto
Código de tipo de contenido txt
337 ## - TIPO DE MEDIO
Fuente rdamedia
Nombre/término del tipo de medio sin mediación
Código del tipo de medio n
338 ## - TIPO DE SOPORTE
Fuente rdacarrier
Nombre/término del tipo de soporte volumen
Código del tipo de soporte nc
505 ## - NOTA DE CONTENIDO CON FORMATO
Nota de contenido con formato Introducción.--
Información miscelánea Prólogo /
Mención de responsabilidad Objetivos de la guía.--
Información miscelánea Capítulo 1.
Título Recurso de agua.--
Información miscelánea Capítulo 2.
Título Efectos del cambio climático en ecosistemas de agua dulce: ríos y lagos.--
Información miscelánea Capítulo 3.
Título ¿Qué podemos hacer?.--
Información miscelánea Capítulo 4.
Título Actividades humanas.--
Información miscelánea Capítulo 5.
Título Suelo.--
Información miscelánea Capítulo 6.
Título Residuos.--
Información miscelánea Capítulo 7.
Título Calidad de agua.--
Información miscelánea Capítulo 8.
Título Creación de red de monitoreo.--
-- Glosario.--
-- Referencias.--
-- Anexos.
590 ## - NOTA LOCAL (RLIN)
Nota local Inventariado 2024 / MF
650 #4 - PUNTO DE ACCESO ADICIONAL DE MATERIA--TÉRMINO DE MATERIA
Término de materia o nombre geográfico como elemento de entrada Biodiversidad
Subdivisión general Guía
Subdivisión de forma Ecosistema
Subdivisión geográfica República Dominicana
9 (RLIN) 79516
650 #0 - PUNTO DE ACCESO ADICIONAL DE MATERIA--TÉRMINO DE MATERIA
Término de materia o nombre geográfico como elemento de entrada Conservación de los recursos naturales
Subdivisión cronológica República Dominicana
9 (RLIN) 1562
650 #4 - PUNTO DE ACCESO ADICIONAL DE MATERIA--TÉRMINO DE MATERIA
Término de materia o nombre geográfico como elemento de entrada Agua Potable
Subdivisión general Normas
9 (RLIN) 33980
700 1# - PUNTO DE ACCESO ADICIONAL--NOMBRE DE PERSONA
Nombre de persona Tejeda, Paola,
Término indicativo de función/relación autora
9 (RLIN) 85690
700 1# - PUNTO DE ACCESO ADICIONAL--NOMBRE DE PERSONA
Nombre de persona Reyna Alcántara, Ernesto,
9 (RLIN) 33777
Término indicativo de función/relación prólogo
700 1# - PUNTO DE ACCESO ADICIONAL--NOMBRE DE PERSONA
Nombre de persona Luis O., Brean Franco,
Término indicativo de función/relación prólogo
9 (RLIN) 85691
700 1# - PUNTO DE ACCESO ADICIONAL--NOMBRE DE PERSONA
Nombre de persona Núñez, Tony,
9 (RLIN) 77999
Término indicativo de función/relación fotografía
710 2# - PUNTO DE ACCESO ADICIONAL--NOMBRE DE ENTIDAD CORPORATIVA
Nombre de entidad corporativa o nombre de jurisdicción como elemento de entrada Comisión Nacional Dominicana para la UNESCO.
9 (RLIN) 85692
942 ## - ELEMENTOS DE PUNTO DE ACCESO ADICIONAL (KOHA)
Fuente del sistema de clasificación o colocación Dewey Decimal Classification
Tipo de ítem Koha Libro
Holdings
Estado de retiro Estado de pérdida Fuente del sistema de clasificación o colocación Restricciones de uso No para préstamo Código de colección Localización permanente Ubicación/localización actual Ubicación en estantería Fecha de adquisición Fuente de adquisición Total de préstamos Signatura topográfica completa Código de barras Fecha visto por última vez Precio válido a partir de Tipo de ítem Koha
    Dewey Decimal Classification Excluido de préstamo   Patrimonio Dominicano Biblioteca Nacional Pedro Henríquez Ureña Biblioteca Nacional Pedro Henríquez Ureña En catalogación 15.02.2024 Depósito Legal / Cosnejo Nacional para el Cambio Climático   P197g 2024-3527 14.06.2024 14.06.2024 Libro

Powered by Koha